Los ojos del perro siberiano / (Registro nro. 842)
[ vista simple ]
| 000 -CABECERA | |
|---|---|
| fixed length control field | 00981nam a2200313 a 4500 |
| 003 - CONTROL NUMBER IDENTIFIER | |
| control field | AR-BeUNQ |
| 005 - FECHA Y HORA DE LA ULTIMA TRANSACCION | |
| control field | 20230530125446.0 |
| 007 - CAMPO FIJO DE DESCRIPCION FIJA - INFORMACION GENERAL | |
| fixed length control field | ta |
| 008 - ELEMENTOS DE LONGITUD FIJA-INFORMACION GENERAL | |
| fixed length control field | 230417s2019 ag gr 001 f spa |
| 015 ## - NATIONAL BIBLIOGRAPHY NUMBER | |
| National bibliography number | AR-2019 |
| 020 ## - NUMERO INTERNACIONAL NORMALIZADO PARA LIBROS | |
| Número Internacional Normalizado del libro | 9789875458154 |
| 040 ## - FUENTE DE CATALOGACION | |
| Agencia de catalogación original | AR-BaBN |
| Idioma de catalogación | ESPAÑOL |
| Agencia que realiza la transcripción | AR-BaBN |
| Convenciones de la descripción | aacr |
| Agencia que realiza la modificación | AR-BeUNQ |
| 044 ## - COUNTRY OF PUBLISHING/PRODUCING ENTITY CODE | |
| MARC country code | ag |
| ISO country code | ar-b |
| 100 1# - ASIENTO PRINCIPAL-NOMBRE PERSONAL | |
| Nombre personal | Santa Ana, Antonio, |
| Fecha asociada al nombre | 1963- |
| 245 14 - MENCION DE TITULO | |
| Título | Los ojos del perro siberiano / |
| Mención de responsabilidad, etc | Antonio Santa Ana. |
| 250 ## - MENCION DE EDICION | |
| Mención de edición | 2a ed. |
| 260 ## - PUBLICACION, DISTRIBUCION, ETC. | |
| Lugar de publicación, distribución, etc. | Buenos Aires : |
| Nombre del editor, distribuidor, etc. | Grupo Editorial Norma, |
| Fecha de publicación, distribución, etc | 2019. |
| 300 ## - DESCRIPCION FISICA | |
| Extensión | 137 p. ; |
| Dimensiones | 21 cm. |
| 490 1# - MENCION DE SERIE | |
| Mención de serie | Zona Libre |
| 650 #7 - ASIENTO SECUNDARIO DE MATERIA - TERMINO TEMATICO | |
| Término temático o nombre geográfico como elemento de entrada | Literatura (Arte) |
| Fuente del encabezamiento o términ | spines |
| 650 #7 - ASIENTO SECUNDARIO DE MATERIA - TERMINO TEMATICO | |
| Término temático o nombre geográfico como elemento de entrada | Literatura juvenil |
| Fuente del encabezamiento o términ | tell |
| 650 #7 - ASIENTO SECUNDARIO DE MATERIA - TERMINO TEMATICO | |
| Término temático o nombre geográfico como elemento de entrada | Literatura argentina |
| Fuente del encabezamiento o términ | tell |
| 655 #7 - TERMINO DE INDIZACION - GENERO/FORMA | |
| Datos o término principal de género/forma | Novelas |
| Fuente del encabezamiento o término de indización | tell |
| 830 #0 - ASIENTO SECUNDARIO DE SERIE--TITULO UNIFORME | |
| Título uniforme | Zona libre (Norma) |
| 929 ## - DATOS DE ADQUISICION | |
| Procedencia | COMPRA |
| Proveedor | KAPELUZ |
| Orden de compra | Exp. 827-2299/2022 |
| Precio | 2300 |
| Fecha de recibido | 20230307 |
| Patrimonio UNQ | PAT0079451 |
| Número de inventario | 60741 |
| 929 ## - DATOS DE ADQUISICION | |
| Procedencia | COMPRA |
| Proveedor | Kapeluz |
| Orden de compra | Exp. 827-2299/2022 |
| Precio | 2300 |
| Fecha de recibido | 20230307 |
| Patrimonio UNQ | PAT0079452 |
| Número de inventario | 60742 |
| 942 ## - ELEMENTOS DE PUNTO DE ACCESO ADICIONAL (KOHA) | |
| Tipo de ítem Koha | Libros |
| Estado de retiro | Estado de pérdida | Ubicación permanente | Ubicación actual | Ubicación en estantería | Fecha de ingreso | Total Checkouts | Signatura topográfica completa | Inventario | Date last seen | Número de copia | Tipo de ítem Koha |
|---|---|---|---|---|---|---|---|---|---|---|---|
| Biblioteca ESET - UNQ | Biblioteca ESET - UNQ | CIRCULACION | 17/04/2023 | Ar 863 SAN | 60741 | 30/05/2023 | 1 | Libros | |||
| Biblioteca ESET - UNQ | Biblioteca ESET - UNQ | CIRCULACION | 17/04/2023 | Ar 863 SAN | 60742 | 30/05/2023 | 2 | Libros | |||
| Biblioteca ESET - UNQ | Biblioteca ESET - UNQ | CIRCULACION | 17/04/2023 | Ar 863 SAN | 60743 | 30/05/2023 | 3 | Libros |